Creation of a Media Scraper using AI Algorithms for Semantic Metadata Extraction

Guardado en:
Detalles Bibliográficos
Autor principal: Streicher, Andrej (Autor)
Otros Autores: Marko, Richard (Orientador)
Formato: Manuscrito Libro
Lenguaje:eslovaco
inglés
Publicado: 2025
Materias:
Acceso en línea:http://is.stuba.sk/zp/portal_zp.pl?podrobnosti=175364
Etiquetas: Agregar Etiqueta
Sin Etiquetas, Sea el primero en etiquetar este registro!

MARC

LEADER 00000ntm a22000003a 4500
001 stuzp102942
003 SK-STU
005 20250614211857.7
007 ta
008 150427s2015----xo-----f-mn---000-0-slo-d
040 |a STU  |b slo 
041 0 |a eng 
100 1 |a Streicher, Andrej  |u 070400  |4 aut  |U FIIT Fakulta informatiky a informačných technológií  |T FIIT Ústav počítačového inžinierstva a aplikovanej informatiky  |X 120883  |U I400  |Y 672  |7 120883 
242 0 1 |a Vytvorenie nástroja na zber médií pomocou umelej inteligencie a algoritmov na extrakciu sémantických metadát  |y slo 
245 1 0 |a Creation of a Media Scraper using AI Algorithms for Semantic Metadata Extraction 
260 |c 2025 
650 4 |a Multilingual support  |2 eng 
650 4 |a Containerization  |2 eng 
650 4 |a Elasticsearch  |2 eng 
650 4 |a NLP  |2 eng 
650 4 |a NER  |2 eng 
650 4 |a Sentiment analysis  |2 eng 
650 4 |a News article processing  |2 eng 
650 4 |a Semantic metadata  |2 eng 
650 4 |a Web scraping  |2 eng 
650 4 |a Machine learning  |2 eng 
650 4 |a Microservices  |2 eng 
650 4 |a Analýza sentimentu  |2 slo 
650 4 |a Viacjazyčná podpora  |2 slo 
650 4 |a Spracovanie spravodajských článkov  |2 slo 
650 4 |a Web scraping  |2 slo 
650 4 |a Kontajnerizácia  |2 slo 
650 4 |a Elasticsearch  |2 slo 
650 4 |a Strojové učenie  |2 slo 
650 4 |a Sémantické metadáta  |2 slo 
650 4 |a NER  |2 slo 
650 4 |a NLP  |2 slo 
650 4 |a Mikroslužby  |2 slo 
700 1 |a Marko, Richard  |u 070400  |k Z2  |4 ths  |U FIIT Fakulta informatiky a informačných technológií  |T FIIT Ústav počítačového inžinierstva a aplikovanej informatiky  |X 116343  |U I400  |Y 672  |7 116343 
856 4 |u http://is.stuba.sk/zp/portal_zp.pl?podrobnosti=175364